000 01074cam a2200301 a 4500
001 2595478
003 OSt
005 20140310181714.0
008 970523s1996 ph b f000 0 eng
010 _a 96946561
020 _a9715421369
040 _aDLC
_cDLC
_dDLC
050 0 0 _aPR 9550.5
_b.Ab116 1996
082 _aFIL 808.81
_bL627 1996
100 _aAbad, Gémino G.
245 0 4 _aThe Likhaan book of poetry and fiction, 1995 /
_cGémino G. Abad, Cristina Pantoja Hidalgo, editors.
260 _aDiliman, Quezon City :
_bLikhaan, U.P. Creative Writing Center, College of Arts and Letters and the University of the Philippines Press,
_c1996.
300 _axv, 358 p. :
_c24 cm.
650 0 _aPhilippine literature (English)
700 1 _aAbad, Gémino H.
700 2 _aPantoja-Hidalgo, Cristina,
_d1944-
710 2 _aLikhaan: U.P. Creative Writing Center.
906 _a7
_bcbc
_corignew
_d3
_encip
_f19
_gy-gencatlg
942 _2lcc
_cBK
999 _c1682
_d1682